|
|
|
|
| LEADER |
02349cam a2200229 a 4500 |
| 020 |
|
|
|a 9780821377628 (pbk.)
|
| 082 |
0 |
0 |
|a 339.460 82
|b P9
|
| 245 |
0 |
0 |
|a Gender aspects of the trade and poverty nexus :
|b a macro-micro approach /
|c ed by Maurizio Bussolo, Rafael E. De Hoyos.
|
| 260 |
|
|
|a Washington, DC :
|b The World Bank,
|c 2009.
|
| 300 |
|
|
|a xx, 282 p. :
|b ill. ;
|
| 490 |
1 |
|
|a Equity and development series
|
| 504 |
|
|
|a Includes bibliographical references and index.
|
| 505 |
0 |
|
|a Gender aspects of the trade and poverty nexus : an introduction and overview / Maurizio Bussolo and Rafael E. De Hoyos -- The gender effects of trade liberalization in developing countries : a review of the literature / Marzia Fontana -- Oil price shocks, poverty and gender : a social accounting matrix analysis for Kenya / Jean-Pascal Nganou, Juan Carlos Parra, and Quentin Wodon -- Exports and labor income by gender : a social accounting matrix analysis for Senegal / Ismael Fofana, Juan Carlos Parra, and Quentin Wodon -- Trade, growth, and gender in developing countries : a comparison of Ghana, Honduras, Senegal, and Uganda / John Cockburn ... [et al.] -- Higher prices of export crops, intrahousehold inequality, and human capital accumulation in Senegal / Maurizio Bussolo, Rafael E. De Hoyos, and Quentin Wodon -- More coffee, more cigarettes? Coffee market liberalization, gender, and bargaining in Uganda / Jennifer Golan and Jann Lay -- Gender impacts of agricultural liberalization : evidence from Ghana / Charles Ackah and Jann Lay -- Can maquila booms reduce poverty? Evidence from Honduras / Rafael E. De Hoyos, Maurizio Bussolo, and Oscar Núñez.
|
| 650 |
|
0 |
|a Sex role.
|9 22824
|
| 650 |
|
0 |
|a Poverty.
|9 22825
|
| 650 |
|
0 |
|a Commerce.
|9 22826
|
| 700 |
1 |
|
|a Bussolo, Maurizio,Ed.
|9 22592
|
| 700 |
1 |
|
|a De Hoyos, Rafael E, Ed.
|9 22593
|
| 856 |
|
|
|u https://books.google.co.in/books?id=SFX_EHs-rFkC&pg=PA1&lpg=PA1&dq=Gender+aspects+of+the+trade+and+poverty+nexus+:&source=bl&ots=FGe9N4_ETt&sig=RF3Dj2SrOXfzaPyd26EVbirbSZ8&hl=en&sa=X&ved=0CDsQ6AEwB2oVChMImMKR7p77yAIVJCmmCh2Qnw7S#v=onepage&q=Gender%20aspects%20of%20the%20trade%20and%20poverty%20nexus%20%3A&f=false
|
| 942 |
|
|
|c BK
|
| 999 |
|
|
|c 63906
|d 63906
|
| 952 |
|
|
|0 0
|1 0
|4 0
|6 339_460000000000000_82_P9
|7 0
|9 55777
|a MGUL
|b MGUL
|c GEN
|d 2014-05-14
|e 14
|g 2250.00
|l 1
|o 339.460 82 P9
|p 51773
|r 2019-04-02
|s 2019-03-16
|v 2250.00
|y BK
|